Informe final
Modalidades de participación de las organizaciones de trabajadores en los países del Mercado Común Centroamericano análisis resumido sobre la problemática de la participación social y papel que corresponde a las organizaciones de trabajadores dentro del funcionamiento y estructura de la Comunidad Ec...
Guardado en:
| Autor Corporativo: | |
|---|---|
| Formato: | Desconocido |
| Publicado: |
San José:
OIT
|
| Materias: | |
| Etiquetas: |
Agregar Etiqueta
Sin Etiquetas, Sea el primero en etiquetar este registro!
|
MARC
| LEADER | 00000 a2200000 04500 | ||
|---|---|---|---|
| 001 | 19537 | ||
| 003 | |||
| 008 | 991231s d | ||
| 040 | |||
| 090 | |a 077401 | ||
| 110 | |a OIT. Programa Educación Obrera | ||
| 245 | |a Informe final | ||
| 260 | |a San José: |b OIT | ||
| 300 | |a pag. irr; 1 vol | ||
| 520 | |a Modalidades de participación de las organizaciones de trabajadores en los países del Mercado Común Centroamericano análisis resumido sobre la problemática de la participación social y papel que corresponde a las organizaciones de trabajadores dentro del funcionamiento y estructura de la Comunidad Ecónomica y Social Centroamericana. La participación se enfoca en relación al desarrollo económico y social se destaca la situación regional promedio, teniendo en cuenta las diferencias existentes entre los países miembros del proceso de integración. ALLV | ||
| 650 | |a AMERICA CENTRAL | ||
| 650 | |a PARTICIPACION SOCIAL | ||
| 650 | |a ASPECTOS ECONOMICOS | ||
| 650 | |a TRABAJADORES | ||
| 999 | |c 14779 |d 14779 | ||
